| 000 | 00881nam a2200217Ia 4500 | ||
|---|---|---|---|
| 003 | IN-BaIIA | ||
| 008 | 211028s9999 xx 000 0 eng d | ||
| 020 | _a90-277-1563-7 | ||
| 040 | _cIIA Library | ||
| 080 |
_a063:52 _bIAU-T18B |
||
| 111 |
_aInternational Astronomical Union General Assembly _cGreece _d1982 Aug. 17-26 _913114 |
||
| 245 | 0 |
_aHighlights of Astronomy _bXVlllth General Assembly of the International Astronomical Union was held in Patras, Greece,17-26 August 1982 _cedited by Richard M. West |
|
| 260 |
_aDordrecht _bD. Reidel Publishing _c1983 |
||
| 300 | _ax, 603p. | ||
| 490 | _aTransactions of the International Astronomical Union; v. XVIIIB | ||
| 650 |
_aAstronomy _980 |
||
| 650 | _aAstronomy and Astrophysics Thesaurus | ||
| 700 |
_aWest, Richard M., ed. _96582 |
||
| 710 | _aInternational Astronomical Union | ||
| 942 | _cBK | ||
| 999 |
_c7764 _d7764 |
||